Premier League Transfers 15-16 - Statistics

General Stats
  • This quiz has been taken 1,284 times
    1,262 since last reset
  • The average score is 12 of 22
Answer Stats
From Player To £ Position % Correct
Chelsea Petr Čech Arsenal 10.0m GK
96%
Hoffenheim Roberto Firmino Liverpool 29m M
83%
AS Monaco Radamel Falcao Chelsea Loan F
82%
Liverpool Raheem Sterling Manchester City 49m M/F
77%
PSV Eindhoven Memphis Depay Manchester United 31m M/F
76%
Bayern Munich Bastian Schweinsteiger Manchester United 14.4m M
73%
Manchester City James Milner Liverpool Free M
68%
Marseille Dimitri Payet West Ham United 10.7m M
65%
Paris Saint Germain Yohan Cabaye Crystal Palace 12.8m M
65%
Liverpool Glen Johnson Stoke City Free D
53%
Barcelona Gerard Deulofeu Everton 4.3m M
49%
Atletico Madrid Toby Alderweireld Tottenham Hotspur 11.5m D
49%
Manchester City Micah Richards Aston Villa Free D
45%
Tottenham Hotspur Etienne Capoue Watford 6m M
41%
Marseille Andre Ayew Swansea Free M/F
37%
Manchester United Tom Cleverley Everton Free M
37%
Aston Villa Shay Given Stoke City Free GK
32%
Everton Sylvain Distin AFC Bournemouth Free D
30%
Tottenham Hotspur Younes Kaboul Sunderland Undisclosed D
29%
Liverpool Sebastian Coates Sunderland 2m D
26%
Fulham Maarten Stekelenburg Southampton Loan GK
21%
West Bromwich Albion Youssouf Mulumbu Norwich City Free M
17%
No matching quizzes found
Score Distribution
Percent of People with Each Score
Percentile by Number Answered
Your Score History
You have not taken this quiz since the last reset